NLSUI OPAC header image

Ambedkar in retrospect : (Record no. 118422)

MARC details
000 -LEADER
fixed length control field 01453cam a2200385 a 4500
001 - CONTROL NUMBER
control field 15115405
003 - CONTROL NUMBER IDENTIFIER
control field OSt
005 - DATE AND TIME OF LATEST TRANSACTION
control field 20200616160008.0
008 - FIXED-LENGTH DATA ELEMENTS--GENERAL INFORMATION
fixed length control field 071217s2007 ii b 001 0 eng
010 ## - LIBRARY OF CONGRESS CONTROL NUMBER
LC control number 2007341817
020 ## - INTERNATIONAL STANDARD BOOK NUMBER
International Standard Book Number 9788131600474
025 ## - OVERSEAS ACQUISITION NUMBER
Overseas acquisition number I-E-2007-341817; 63-92; 68-92; 79-90
037 ## - SOURCE OF ACQUISITION
Source of stock number/acquisition Library of Congress -- New Delhi Overseas Office
Terms of availability Rs725.00
040 ## - CATALOGING SOURCE
Original cataloging agency DLC
Transcribing agency DLC
042 ## - AUTHENTICATION CODE
Authentication code lcode
043 ## - GEOGRAPHIC AREA CODE
Geographic area code a-ii---
050 00 - LIBRARY OF CONGRESS CALL NUMBER
Classification number DS481.A525
Item number A77 2007
082 ## - DEWEY DECIMAL CLASSIFICATION NUMBER
Classification number 330.954 THO
245 00 - TITLE STATEMENT
Title Ambedkar in retrospect :
Remainder of title Essays on economics, politics, and society /
Statement of responsibility, etc. edited by Sukhadeo Thorat, Aryama.
260 ## - PUBLICATION, DISTRIBUTION, ETC.
Place of publication, distribution, etc. New Delhi :
Name of publisher, distributor, etc. Rawat Publications in association with Indian Institute of Dalit Studies,
Date of publication, distribution, etc. c2007.
300 ## - PHYSICAL DESCRIPTION
Extent vi, 360 p. ;
Dimensions 23 cm.
500 ## - GENERAL NOTE
General note Copyright: Indian Institute of Dalit Studies, New Delhi.
504 ## - BIBLIOGRAPHY, ETC. NOTE
Bibliography, etc. note Includes bibliographical references and index.
520 ## - SUMMARY, ETC.
Summary, etc. Contributed articles with reference to India.
600 10 - SUBJECT ADDED ENTRY--PERSONAL NAME
Personal name Ambedkar, B. R.
Fuller form of name (Bhimrao Ramji),
Dates associated with a name 1891-1956
General subdivision Political and social views.
650 #0 - SUBJECT ADDED ENTRY--TOPICAL TERM
Topical term or geographic name entry element Dalits
General subdivision Government policy
Geographic subdivision India.
651 #0 - SUBJECT ADDED ENTRY--GEOGRAPHIC NAME
Geographic name India
General subdivision Economic conditions
Chronological subdivision 20th century.
651 #0 - SUBJECT ADDED ENTRY--GEOGRAPHIC NAME
Geographic name India
General subdivision Social conditions
Chronological subdivision 20th century.
700 1# - ADDED ENTRY--PERSONAL NAME
Personal name Thorat, Sukhadeo.
700 0# - ADDED ENTRY--PERSONAL NAME
Personal name Aryama.
710 2# - ADDED ENTRY--CORPORATE NAME
Corporate name or jurisdiction name as entry element Indian Institute of Dalit Studies.
906 ## - LOCAL DATA ELEMENT F, LDF (RLIN)
a 7
b cbc
c origode
d 3
e ncip
f 20
g y-gencatlg
942 ## - ADDED ENTRY ELEMENTS (KOHA)
Source of classification or shelving scheme Dewey Decimal Classification
Koha item type CSSEIP Office Library Collection
Holdings
Withdrawn status Lost status Source of classification or shelving scheme Materials specified (bound volume or other part) Damaged status Not for loan Home library Current library Shelving location Date acquired Total Checkouts Full call number Barcode Date last seen Price effective from Koha item type Public note
    Dewey Decimal Classification PB     . . CSSEIP Office Library - Ambedkar Studies Books 16.06.2020   330.954 THO AMB094 16.06.2020 16.06.2020 CSSEIP Office Library Collection Available in CSSEIP Department Library